LEADER 01075nam a2200265|i 4500 001 991003620889707536 005 20021219124419.0 008 020611s1991 it u u itauu 035 $ab11840171-39ule_inst 035 $aLE02736914$9ExL 040 $aDip.to Studi Giuridici$bita 082 0 $a342.4502 110 2 $aItalia :$bCorte costituzionale$0257747 245 13$aLa giustizia costituzionale nel 1990 :$bconferenza stampa del presidente Giovanni Conso :$bPalazzo della consulta, 15 gennaio 1991 260 0 $aRoma :$bGrafica editrice romana,$cstampa 1991 300 $a133 p. ;$c24 cm. 500 $aAppendice. 500 $aIn testa al front.: Corte Costituzionale 650 4$aGiustizia costituzionale 907 $a.b11840171$b21-09-06$c20-12-02 912 $a991003620889707536 945 $aLE027 342.45 CCO01.01$g1$i2027000033676$lle027$nDono prof. Michele Carducci$o-$pE0.00$q-$rl$s- $t0$u1$v0$w1$x0$y.i12091820$z20-12-02 996 $aGiustizia costituzionale nel 1990$9900302 997 $aUNISALENTO 998 $ale027$b01-01-02$cm$da $e-$fita$git $h3$i1 LEADER 02055oam 2200541M 450 001 9910716475803321 005 20200213070936.4 035 $a(CKB)5470000002521385 035 $a(OCoLC)1065616782 035 $a(OCoLC)995470000002521385 035 $a(EXLCZ)995470000002521385 100 $a20071213d1927 ua 0 101 0 $aeng 135 $aurcn||||||||| 181 $ctxt$2rdacontent 182 $cc$2rdamedia 183 $acr$2rdacarrier 200 10$aAllotment and sale of lands on the Fort Peck Indian Reservation. February 3, 1927. -- Committed to the Committee of the Whole House on the State of the Union and ordered to be printed 210 1$a[Washington, D.C.] :$c[U.S. Government Printing Office],$d1927. 215 $a1 online resource (3 pages) 225 1 $aHouse report / 69th Congress, 2nd session. House ;$vno. 1966 225 1 $a[United States congressional serial set] ;$v[serial no. 8689] 300 $aBatch processed record: Metadata reviewed, not verified. Some fields updated by batch processes. 300 $aFDLP item number not assigned. 606 $aIndian allotments 606 $aIndian land transfers 606 $aIndian reservations 606 $aIndian title 606 $aLegislative amendments 606 $aOil and gas leases 606 $aTribal trust funds 608 $aLegislative materials.$2lcgft 615 0$aIndian allotments. 615 0$aIndian land transfers. 615 0$aIndian reservations. 615 0$aIndian title. 615 0$aLegislative amendments. 615 0$aOil and gas leases. 615 0$aTribal trust funds. 701 $aLeavitt$b Scott$f1879-1966$pRepublican (MT)$01388436 801 0$bWYU 801 1$bWYU 801 2$bOCLCO 801 2$bOCLCQ 906 $aBOOK 912 $a9910716475803321 996 $aAllotment and sale of lands on the Fort Peck Indian Reservation. February 3, 1927. -- Committed to the Committee of the Whole House on the State of the Union and ordered to be printed$93457965 997 $aUNINA